| 000 | 00000nam##2200000za#4500 |
| 001 | 9.663080 |
| 003 | CaOODSP |
| 005 | 20260521145821 |
| 007 | ta |
| 008 | 150407|2001||||xxc||||| f|0| 0 fre|d |
| 020 | |a0-662-65977-5 |
| 040 | |aCaOODSP|bfre |
| 041 | |aeng |
| 041 | |afre |
| 043 | |an-cn--- |
| 086 | 1 |aDB3-22/2001-1 |
| 110 | 1 |aCanada. |bMinistère de la défense nationale. |
| 245 | 10|aPoint de mire : stratégie de la marine pour 2020 : |bun précis / |cPublié par Direction de la stratégie maritime, QGDN/Chef d'état-major des Forces maritime. |
| 260 | |aOttawa - Ontario : |bDéfense nationale |c2001. |
| 546 | |aBilingue |
| 563 | |aCouverture souple |
| 590 | |a01-47|b2001-11-23 |
| 691 | 07|aArmée|2gcpds |
| 691 | 07|aEaux territoriales|2gcpds |
| 691 | 07|aPolitique de défense|2gcpds |
| 791 | |tLeadmark: the Navy's strategy for 2020 : |eeng|w(CaOODSP)9.663079 |